Can you name the Lyrics to this Dirty Dancing Song (v1) Quiz Stats

Quiz not verified by Sporcle

Score 0/239 Timer 15:00
0 Plays Today
% Correct
I
96%
I
96%
I
96%
I
96%
I
96%
the
87.1%
the
87.1%
the
87.1%
the
87.1%
the
87.1%
the
87.1%
the
87.1%
the
87.1%
the
87.1%
the
87.1%
the
87.1%
the
87.1%
the
87.1%
the
87.1%
a
82.6%
a
82.6%
a
82.6%
a
82.6%
a
82.6%
a
82.6%
a
82.6%
a
82.6%
a
82.6%
a
82.6%
a
82.6%
a
82.6%
a
82.6%
a
82.6%
a
82.6%
me
76.7%
me
76.7%
me
76.7%
me
76.7%
me
76.7%
me
76.7%
my
75.3%
my
75.3%
my
75.3%
my
75.3%
my
75.3%
my
75.3%
my
75.3%
my
75.3%
to
74.9%
to
74.9%
to
74.9%
to
74.9%
to
74.9%
to
74.9%
to
74.9%
to
74.9%
to
74.9%
to
74.9%
to
74.9%
to
74.9%
to
74.9%
to
74.9%
to
74.9%
She
74.5%
She
74.5%
she
74.5%
she
74.5%
she
74.5%
in
71.6%
in
71.6%
in
71.6%
in
71.6%
like
71.3%
like
71.3%
like
71.3%
like
71.3%
like
71.3%
like
71.3%
like
71.3%
like
71.3%
% Correct
like
71.3%
like
71.3%
wind
70.2%
wind
70.2%
wind
70.2%
wind
70.2%
wind
70.2%
wind
70.2%
wind
70.2%
wind
70.2%
wind
70.2%
wind
70.2%
She's
69.1%
She's
69.1%
she's
69.1%
She's
69.1%
She's
69.1%
She's
69.1%
She's
69.1%
She's
69.1%
She's
69.1%
She's
69.1%
She's
69.1%
She's
69.1%
She's
69.1%
She's
69.1%
on
68.2%
of
68.2%
on
68.2%
of
68.2%
on
68.2%
of
68.2%
and
68.1%
Is
65.6%
eyes
64.9%
eyes
64.9%
eyes
64.9%
her
64%
Her
64%
her
64%
her
64%
her
64%
Her
64%
her
64%
Just
61.4%
just
61.4%
Just
61.4%
Just
61.4%
Just
61.4%
Just
61.4%
Just
61.4%
Just
61.4%
Just
61.4%
Just
61.4%
Just
61.4%
Just
61.4%
Just
61.4%
Just
61.4%
with
61.1%
with
61.1%
look
60.3%
look
60.3%
look
60.3%
look
60.3%
what
59.4%
Can't
59.1%
Can't
59.1%
Can't
59.1%
close
58.5%
close
58.5%
close
58.5%
out
58.3%
out
58.3%
out
58.3%
fool
58.1%
fool
58.1%
fool
58.1%
fool
58.1%
fool
58.1%
fool
58.1%
% Correct
fool
58.1%
fool
58.1%
fool
58.1%
fool
58.1%
fool
58.1%
fool
58.1%
fool
58.1%
believe
57.8%
believe
57.8%
believe
57.8%
believe
57.8%
believe
57.8%
believe
57.8%
believe
57.8%
believe
57.8%
believe
57.8%
believe
57.8%
body
57.1%
body
57.1%
body
57.1%
league
57%
league
57%
league
57%
face
56.9%
face
56.9%
face
56.9%
know
56.5%
Feel
56.5%
Feel
56.5%
Feel
56.5%
through
56.2%
through
56.2%
all
55.6%
see
55.4%
go
55.4%
breath
55.2%
have
55.2%
breath
55.2%
have
55.2%
breath
55.2%
Only
54.5%
only
54.5%
next
53.7%
needs
53.6%
needs
53.6%
dream
53.4%
man
53.3%
done
52.6%
night
52.2%
sun
52.1%
heart
52.1%
doesn't
51.8%
anything
51.6%
anything
51.6%
tree
51.4%
mirror
50.2%
That
49.7%
Am
49%
your
48.1%
Your
48.1%
your
48.1%
burn
48%
But
47.8%
moonlight
47.2%
young
47.2%
old
46.9%
without
45.3%
insane
44.1%
myself
43.9%
Living
43.6%
taken
43.5%
I'd
42.7%
You're
42.7%
fooling
42.3%
stop
41.7%
pain
41.7%
leads
41.4%
rides
40.4%
she'll
39.8%

You're not logged in!

Compare scores with friends on all Sporcle quizzes.
Sign Up with Email
OR
Log In

You Might Also Like...

Show Comments

Extras

Top Quizzes Today


Score Distribution

Your Account Isn't Verified!

In order to create a playlist on Sporcle, you need to verify the email address you used during registration. Go to your Sporcle Settings to finish the process.

Report this User

Report this user for behavior that violates our Community Guidelines.

Details: